000
00221nam a22001097a 4500
040
_c
SY
082
_a
344
100
_a
DEAP LOEUNG
245
_a
Fish gears of the cambodian mekong
260
_a
RUA
_b
DEA
_c
2003
942
_c
EK
999
_c
9524
_d
9524